000
00268nam a2200109Ia 4500
008
200302s9999 xx 000 0 und d
100
_a
J Tart
245
_a
New Landscape 1 Urban and ecological landscape
260
_b
J Tart Publishing
260
_c
2013
300
_a
257
999
_c
5936
_d
5936